Sociolinguistics and language education
Includes bibliographical references and index.; This book provides an up-to-date overview of sociolinguistics, including topics of nationalism and popular culture, style and identity, creole languages, critical language awareness, multimodal literacies, classroom discourse, ideologies and power, acr...
Sparad:
| Huvudupphovsman: | |
|---|---|
| Materialtyp: | Bok |
| Språk: | Undetermined |
| Publicerad: |
Bristol
Multilingual Matters
c2010
|
| Ämnen: | |
| Länkar: | http://lrc.tdmu.edu.vn/opac/search/detail.asp?aID=2&ID=25009 |
| Taggar: |
Lägg till en tagg
Inga taggar, Lägg till första taggen!
|
| Thư viện lưu trữ: | Trung tâm Học liệu Trường Đại học Thủ Dầu Một |
|---|
| LEADER | 01274nam a2200217Ia 4500 | ||
|---|---|---|---|
| 001 | TDMU_25009 | ||
| 008 | 210410s9999 xx 000 0 und d | ||
| 082 | |a 306.44 | ||
| 090 | |b H434 | ||
| 100 | |a Hornberger, Nancy H | ||
| 245 | 0 | |a Sociolinguistics and language education | |
| 245 | 0 | |c edited by Nancy H. Hornberger and Sandra Lee McKay | |
| 260 | |a Bristol | ||
| 260 | |b Multilingual Matters | ||
| 260 | |c c2010 | ||
| 300 | |a xx, 571 p. | ||
| 520 | |a Includes bibliographical references and index.; This book provides an up-to-date overview of sociolinguistics, including topics of nationalism and popular culture, style and identity, creole languages, critical language awareness, multimodal literacies, classroom discourse, ideologies and power, across language education contexts ranging from the teaching of English as an international language to Indigenous language revitalization | ||
| 650 | |a Sociolinguistics; Language and education.; Language and culture.; Xã hội học; Ngôn ngữ và văn hóa; Ngôn ngữ và giáo dục; Ngôn ngữ học xã hội | ||
| 700 | |a Hornberger, Nancy H | ||
| 856 | |u http://lrc.tdmu.edu.vn/opac/search/detail.asp?aID=2&ID=25009 | ||
| 980 | |a Trung tâm Học liệu Trường Đại học Thủ Dầu Một | ||